Smallest Borders in the World - Statistics

General Stats
  • This quiz has been taken 166 times
    163 since last reset
  • The average score is 11 of 16
Answer Stats
Kilometers long Answer % Correct
San Marino
93%
Vatican City
93%
3.2 Italy
90%
39 Italy
90%
Monaco
89%
4.4 France
84%
Liechtenstein
80%
34.9 Austria
75%
Russia
65%
19 North Korea
60%
Switzerland
59%
Zambia
45%
0.15 Botswana
44%
41 Liechtenstein
39%
35 Armenia
27%
Iran
25%
No matching quizzes found
Score Distribution
Percent of People with Each Score
Percentile by Number Answered
Your Score History
You have not taken this quiz since the last reset